[Event "Rowy Jantar op-C 11th"]
[Site "Rowy"]
[Date "2002.06.12"]
[Round "5"]
[White "Lukomski, Tomasz"]
[Black "Ciesla, Marek"]
[Result "0-1"]
[WhiteElo "1600"]
[BlackElo "1800"]
[PlyCount "62"]
[EventDate "2002.06.??"]
[EventType "swiss"]
[EventRounds "8"]
[EventCountry "POL"]
[SourceTitle "EXT 2006"]
[Source "ChessBase"]
[SourceDate "2005.11.24"]
[SourceVersion "1"]
[SourceVersionDate "2005.11.24"]
[SourceQuality "1"]

1. e4 c5 2. Nf3 Nc6 3. Nc3 d6 4. h3 Nf6 5. d3 g6 6. Be3 Bg7 7. Be2 0-0 8. 0-0 e5 9. Qd2 Nd4 10. Nd5 Nxd5 11. exd5 b6 12. c4 f5 13. Bxd4 cxd4 14. a4 a6 15. a5 b5 16. b4 Qd7 17. Qc2 Bb7 18. Ra3 Rfc8 19. Qb2 bxc4 20. dxc4 d3 21. Bxd3 e4 22. Qe2 exf3 23. Qxf3 Bd4 24. Rd1 Ba7 25. Re1 Re8 26. Raa1 Re7 27. Kf1 Rae8 28. Qg3 Bd4 29. Rad1 Rxe1+ 30. Rxe1 Rxe1+ 31. Kxe1 Bc3+ 0-1